[Event "Tehran ECO Cup"]
[Site "Tehran"]
[Date "2014.09.11"]
[Round "9"]
[White "Bayramgeldyev, Yusup"]
[Black "Khusnutdinov, Rustam"]
[Result "1/2-1/2"]
[WhiteElo "2216"]
[BlackElo "2482"]
[PlyCount "104"]
[EventDate "2014.09.04"]
[EventType "tourn"]
[EventRounds "9"]
[EventCountry "IRI"]
[EventCategory "7"]
[SourceTitle "CBM 162 Extra"]
[Source "ChessBase"]
[SourceDate "2014.10.17"]
[SourceVersion "1"]
[SourceVersionDate "2014.10.17"]
[SourceQuality "1"]

1. d4 d5 2. Nf3 Bf5 3. e3 e6 4. Bd3 Nf6 5. Bxf5 exf5 6. Qd3 Qc8 7. 0-0 Bd6 8. c4 c6 9. cxd5 cxd5 10. Nc3 0-0 11. Bd2 Nc6 12. Rac1 Qd7 13. a3 Rac8 14. Rc2 Ne7 15. Rfc1 a6 16. g3 Ne4 17. Qe2 Rc7 18. Ne1 Rfc8 19. Kg2 Rc6 20. Nd3 R8c7 21. f3 Nxc3 22. Rxc3 Rc4 23. b4 Qc8 24. Qe1 h6 25. Nb2 R4c6 26. R1c2 Rxc3 27. Rxc3 Rxc3 28. Bxc3 g5 29. Bd2 h5 30. Qc1 Qe6 31. Nd3 Ng6 32. Qe1 h4 33. Nf2 Qe7 34. e4 hxg3 35. hxg3 fxe4 36. fxe4 dxe4 37. Qxe4 Kg7 38. Qd5 f6 39. Ne4 Bb8 40. Qf5 Qf7 41. Nc5 Nf8 42. d5 Be5 43. Qe4 Qc7 44. Be1 a5 45. Bf2 b6 46. Ne6+ Nxe6 47. dxe6 axb4 48. axb4 Kf8 49. Qd5 Qd6 50. Qxd6+ Bxd6 51. Bxb6 Bxb4 52. g4 Ke7 1/2-1/2

[Event "Tehran ECO Cup"]
[Site "Tehran"]
[Date "2014.09.07"]
[Round "5"]
[White "Bayramgeldyev, Yusup"]
[Black "Mirzoev, Azer"]
[Result "0-1"]
[WhiteElo "2216"]
[BlackElo "2553"]
[PlyCount "72"]
[EventDate "2014.09.04"]
[EventType "tourn"]
[EventRounds "9"]
[EventCountry "IRI"]
[EventCategory "7"]
[SourceTitle "CBM 162 Extra"]
[Source "ChessBase"]
[SourceDate "2014.10.17"]
[SourceVersion "1"]
[SourceVersionDate "2014.10.17"]
[SourceQuality "1"]

1. d4 Nf6 2. Nf3 e6 3. g3 b5 4. Bg2 Bb7 5. 0-0 c5 6. a4 b4 7. c3 Na6 8. Nbd2 Be7 9. c4 cxd4 10. Nxd4 Bxg2 11. Kxg2 Qb6 12. N2f3 0-0 13. Bg5 h6 14. Bf4 Rac8 15. b3 d5 16. Ne5 Rfd8 17. cxd5 Nxd5 18. e3 f6 19. Qg4 Nxf4+ 20. gxf4 Rxd4 21. exd4 fxe5 22. fxe5 Rc3 23. Rad1 Qc6+ 24. Kg1 Nc7 25. Rb1 Qf3 26. Qxf3 Rxf3 27. Rfc1 Rc3 28. Kf1 Bg5 29. Rd1 a5 30. Rb2 Nd5 31. Re1 Kf7 32. Re4 h5 33. h4 Bc1 34. Rb1 Kg6 35. Kg2 Kf5 36. f3 Rc2+ 0-1

[Event "Budapest FS05 IM-A"]
[Site "Budapest"]
[Date "2013.05.10"]
[Round "7"]
[White "Bayramgeldyev, Yusup"]
[Black "Kantor, Gergely"]
[Result "0-1"]
[WhiteElo "2250"]
[BlackElo "2341"]
[PlyCount "112"]
[EventDate "2013.05.04"]
[EventType "tourn"]
[EventRounds "9"]
[EventCountry "HUN"]
[EventCategory "1"]
[SourceTitle "CBM 154 Extra"]
[Source "ChessBase"]
[SourceDate "2013.06.25"]
[SourceVersion "2"]
[SourceVersionDate "2013.06.25"]
[SourceQuality "1"]

1. d4 Nf6 2. c4 e6 3. Nc3 Bb4 4. e3 0-0 5. Bd3 d5 6. Nf3 b6 7. 0-0 Bb7 8. cxd5 exd5 9. Bd2 Nbd7 10. Rc1 a6 11. Qc2 Qe7 12. Bf5 g6 13. Bh3 Bd6 14. g3 h5 15. Bg2 Ne4 16. Nh4 Qe6 17. Nf3 Ndf6 18. Be1 Rac8 19. Nxe4 Nxe4 20. Nd2 h4 21. gxh4 Kg7 22. f3 Nf6 23. Qb3 c5 24. dxc5 Bxc5 25. Bf2 Rfe8 26. Rfe1 a5 27. Qd3 Bxe3 28. Qxe3 Qxe3 29. Bxe3 Rxe3 30. Red1 Rd3 31. Rxc8 Bxc8 32. Bf1 Rd4 33. Be2 Bf5 34. Nb3 Rxh4 35. Nd4 Bd7 36. b3 Nh5 37. Rd2 Kf6 38. Ba6 Ke5 39. Nc2 Nf4 40. Bb7 d4 41. Be4 f5 42. Bb7 d3 43. Na3 Kd4 44. Ba6 Bc6 45. Nc4 Kc3 46. Rd1 Bxf3 47. Rc1+ Kd4 48. Ra1 Ne2+ 49. Kf2 Be4 50. Rd1 Rxh2+ 51. Ke1 f4 52. Nb2 f3 53. Bxd3 Rh1+ 54. Kd2 Rxd1+ 55. Nxd1 Bxd3 56. Nf2 Bf5 0-1

[Event "Budapest FS05 IM-A"]
[Site "Budapest"]
[Date "2013.05.06"]
[Round "3"]
[White "Bayramgeldyev, Yusup"]
[Black "Radlovacki, Jovan"]
[Result "0-1"]
[WhiteElo "2250"]
[BlackElo "2423"]
[PlyCount "72"]
[EventDate "2013.05.04"]
[EventType "tourn"]
[EventRounds "9"]
[EventCountry "HUN"]
[EventCategory "1"]
[SourceTitle "CBM 154 Extra"]
[Source "ChessBase"]
[SourceDate "2013.06.25"]
[SourceVersion "2"]
[SourceVersionDate "2013.06.25"]
[SourceQuality "1"]

1. d4 Nf6 2. c4 e6 3. Nc3 Bb4 4. e3 0-0 5. Bd3 d5 6. Nge2 dxc4 7. Bxc4 e5 8. a3 Ba5 9. b4 exd4 10. Nxd4 Bb6 11. 0-0 c6 12. Bb2 Nbd7 13. Nf3 Qe7 14. Qe2 Bc7 15. Rad1 a6 16. h3 Re8 17. Rfe1 b5 18. Bd3 a5 19. bxa5 Bxa5 20. Nd4 Nb8 21. Qc2 g6 22. e4 Bb7 23. Re3 Nbd7 24. Nce2 Ne5 25. Ng3 Rad8 26. Qc1 Nc4 27. Bxc4 bxc4 28. Ngf5 Qe5 29. Rg3 c3 30. Qh6 Nxe4 31. Rg4 c5 32. Rh4 gxf5 33. Qxh7+ Kf8 34. Qh8+ Qxh8 35. Rxh8+ Kg7 36. Nxf5+ Kf6 0-1